00334nam a2200109Ia 4500008004000000082001500040100002700055245008100082260003900163300001100202650001100213210210b1983 xxu||||| |||| 00| 0 eng d a333.8 SUBE aSUBRAHMANYA (K N), Ed. aEnergy problem & world economic development with special referance to India. aNDbDeep & Deep Publicationsc1983 avi,192 aEnergy